=LDR 00000nam 2200000 4500 =001 INLIS000000000043870 =005 20131008103922 =008 ***********************************ind** =035 ##$$0010-101300000001792 =041 ##$$a ind =082 ##$$a 808.02 =090 ##$$a 808.02, Fer d =100 ##$$a Ferryanto, SG =245 ##$$a Dasar-dasar penulisan, teknik laporan dan makalah sains dan rekayasa, SG Ferryanto =260 ##$$a 1997 $b Jakarta =300 ##$$a 77 hlm, 21 cm =650 ##$$a Teknik Penulisan - Laporan Sains =850 ##$$a NBPNMAT =990 ##$$a 0001/BPAP-NTB/20142015